000 01484nam a2200337 c 4500
999 _c447265
_d447265
003 BLK
005 20220307093940.0
008 180408b bul|||||r ||||||| ||bul||
040 _aBLK
041 _aBUL
_cBUL
080 _aОбщодостъпни библиотеки
_b027.4
_x(062)
_z027.4(062)
139 _bП 57
245 1 0 _aПлан за дейността на Окръжна дирекция "Библиотеки" и Окръжна библиотека "Любен Каравелов" - Русе
_bза 1982 година
_h[Малотир. изд.]
257 _aBGR
260 _aРусе
_bб. и.
_c1982
300 _a38 с.
_c20 см
380 _a0
653 7 _aобщодостъпни библиотеки
_9192675
653 7 _aБиблиотека Любен Каравелов
_9181893
653 7 _aпланиране
_9193846
852 _bК
_cК 02/П 57
856 4 _qpdf
856 4 _qpdf
942 _cKNG
_n0
_s1
944 _aCR
_c2022-03-07
_kнр